| 000 | 00782nam a22002175i 4500 | ||
|---|---|---|---|
| 001 | 68445 | ||
| 003 | ES-MaACL | ||
| 005 | 20250604062536.0 | ||
| 007 | t| | ||
| 008 | 960802m18761878sp ||||1| spa d | ||
| 040 |
_aCAM _bspa _cCAM |
||
| 100 | 1 |
_aGarcía Ruiz, Eugenio. _955237 |
|
| 245 | 1 | 0 |
_aHistorias / _cpor Eugenio García Ruiz. |
| 260 |
_aMadrid : _b[s.n.], _c1876-1878 ( _fImprenta de El Pueblo Español) |
||
| 300 |
_a2 v. (904, [8]; 1008 p.) ; _c23 cm. |
||
| 530 | _aDisponible en formato digital. | ||
| 651 | 7 |
_aEspaña- _xHistoria- _yS.XIX _2 _9142005 |
|
| 852 |
_aES-MaACL _jD-4525-26 |
||
| 856 |
_uhttp://bibliotecadigitalhispanica.bne.es:80/webclient/DeliveryManager?pid=3391661&custom_att_2=simple_viewer _zBiblioteca Digital Hispánica |
||
| 999 |
_c68445 _d68445 |
||